000 01891cam a22004454i 4500
003 PE-LiUPU
005 20250731165429.0
008 160215s1995 pe grm 000 0 spa d
035 _a(Sirsi) a156139
040 _aPE-LiUPU
_bspa
_cPE-LiUPU
_erda
099 _aTE 2
_bG69 1995
100 1 _aGuisvert Espinoza, Roxana Nelly
_eautor
245 1 _aDesarrollo de la actividad creativa a través del cuento de los niños del 5to. Grado de Primaria /
_cRoxana Nelly Guisvert Espinoza.
264 0 _c1995.
300 _a120 hojas
_c30 cm
336 _atext
_2rdacontent
337 _aunmediated
_2rdamedia
338 _avolume
_2rdacarrier
502 _aTesis
_b(Lic.) --
_cUniversidad Peruana Unión,
_d1995.
504 _aIncluye referencias
520 3 _aPensando en nuestra problemática educativa como futura maestra y habiendo observado en mi practica pre-profesional alguna limitación o falta de creatividad en la mayoría de los niños, concretándose solo a la limitación de las habilidades de sus profesores y algunos de talentos naturales para crear o descubrir figuras y personajes de nuestro entorno socio-cultural. Los niños no ejercitan los dibujos porque en muchas ocasiones no saben dibujar o tienen miedo de que al ver ese dibujo sus demás compañeros se burlen de el y crea un ambiente de desaliento para ellos.
526 _aSEG44
526 _aSEG26
526 _aP151
526 _aP150
526 _aP149
526 _aP146
526 _aP145
526 _aP126
526 _aP125
526 _aP92
526 _aP75
526 _aP74
526 _aP27
526 _aP15
650 0 4 _aCreación
_xCuentos
_xEducación primaria.
596 _a1
942 _2ddc
_cTESIS
999 _aTE 2 G69 1995
_wALPHANUM
_c8821
_iT00099
_lCCODEBUL3
_mBUL
_r1
_sY
_tTESIS
_u2016-2-15
_xEDUCACION
_PP20
_o.STAFF. Tesis
_d8821
980 _81
_gALBERTO SANCHEZ Responsable de Automatización